| 000 | 00540nam a2200181Ia 4500 | ||
|---|---|---|---|
| 005 | 20250423101257.0 | ||
| 008 | 250422s9999 xx 000 0 und d | ||
| 020 | _a9780521526203 | ||
| 050 | _aJA 76 .J36/ | ||
| 100 | _aJanoski, Thomas | ||
| 245 | 4 | _aThe handbook of political sociology : states, civil societies, and globalization | |
| 260 | _aUnited state | ||
| 260 | _bCambridge university press | ||
| 260 | _c2011 | ||
| 300 | _a814 p | ||
| 650 | _a Political sociology. Civil society. State, The. Globalization. | ||
| 942 | _cBK | ||
| 999 |
_c35828 _d35828 |
||